Metody sinteza sistem upravlenija matrično-strukturnyje preobrazovanija i algoritmy upravljajuščich CVM

Gespeichert in:
Bibliographische Detailangaben
1. Verfasser: Barkovskij, Viktor Vasil'jevič
Weitere Verfasser: Zacharov, Viktor Vasil'jevič, Šatalov, Aleksandr Stepanovič
Format: Buch
Sprache:Russisch
Veröffentlicht: Moskva Mašinostrojenije 1981
Ausgabe:2. pererab. i dopoln. izd.
Tags: Tag hinzufügen
Keine Tags, Fügen Sie das erste Tag hinzu!

MARC

LEADER 00000nam a2200000 4500
001 c129498
005 20150325105529.2
041 0 |a rus 
044 |a RU 
245 1 0 |a Metody sinteza sistem upravlenija  |b matrično-strukturnyje preobrazovanija i algoritmy upravljajuščich CVM  |c Viktor Vasil'jevič Barkovskij, Viktor Vasil'jevič Zacharov, Aleksandr Stepanovič Šatalov 
250 |a 2. pererab. i dopoln. izd. 
264 1 |a Moskva  |b Mašinostrojenije  |c 1981 
300 |a 276 s. 
100 1 |a Barkovskij, Viktor Vasil'jevič 
700 1 |a Zacharov, Viktor Vasil'jevič 
700 1 |a Šatalov, Aleksandr Stepanovič